Normal view
MARC view
- ABDUL HAKIM, MAJOR
Entry Personal Name
001 - CONTROL NUMBER
- control field: 77668
003 - CONTROL NUMBER IDENTIFIER
- control field: NUST
005 - DATE AND TIME OF LATEST TRANSACTION
- control field: 20210628205946.0
008 - FIXED-LENGTH DATA ELEMENTS
- fixed length control field: 210628|| aca||aabn | a|a d
040 ## - CATALOGING SOURCE
- Original cataloging agency: NUST
- Transcribing agency: NUST
100 ## - HEADING--PERSONAL NAME
- Personal name: ABDUL HAKIM, MAJOR
670 ## - SOURCE DATA FOUND
- Source citation: Work cat.: (NUST): ABDUL HAKIM, MAJOR, ESSENTIAL OF PUBLIC RELATIONS, 1975
